|
|
|
|
| LEADER |
00000caa a22000002c 4500 |
| 001 |
1912543893 |
| 003 |
DE-627 |
| 005 |
20250125055142.0 |
| 007 |
cr uuu---uuuuu |
| 008 |
241217s2001 xx |||||o 00| ||eng c |
| 035 |
|
|
|a (DE-627)1912543893
|
| 035 |
|
|
|a (DE-599)KXP1912543893
|
| 040 |
|
|
|a DE-627
|b ger
|c DE-627
|e rda
|
| 041 |
|
|
|a eng
|
| 084 |
|
|
|a 2,1
|2 ssgn
|
| 100 |
1 |
|
|a Burt, Martha R.
|e VerfasserIn
|0 (DE-588)1055770844
|0 (DE-627)793815657
|0 (DE-576)411218662
|4 aut
|
| 109 |
|
|
|a Burt, Martha R.
|a Burt, Martha
|
| 245 |
1 |
0 |
|a Evaluation of the STOP Formula Grants to Combat Violence Against Women
|
| 264 |
|
1 |
|b Urban Institute
|c 2001
|
| 336 |
|
|
|a Text
|b txt
|2 rdacontent
|
| 337 |
|
|
|a Computermedien
|b c
|2 rdamedia
|
| 338 |
|
|
|a Online-Ressource
|b cr
|2 rdacarrier
|
| 700 |
1 |
|
|a Harrell, Adele V.
|e VerfasserIn
|4 aut
|
| 700 |
1 |
|
|a Uekert, Brenda K.
|e VerfasserIn
|4 aut
|
| 700 |
1 |
|
|a Parikh, Neal
|e VerfasserIn
|4 aut
|
| 700 |
1 |
|
|a Van Ness, Ashley
|e VerfasserIn
|4 aut
|
| 700 |
1 |
|
|a Andrews, Cynthia
|e VerfasserIn
|4 aut
|
| 700 |
1 |
|
|a Zweig, Janine M.
|e VerfasserIn
|4 aut
|
| 773 |
0 |
8 |
|i Enthalten in
|t 2001 Report
|
| 787 |
0 |
8 |
|i Forschungsdaten
|a Uekert, Brenda K.
|t Impact Evaluation of Stop Violence Against Women Grants in Dane County, Wisconsin, Hillsborough County, New Hampshire, Jackson County, Missouri, and Stark County, Ohio, 1996-2000
|d [Erscheinungsort nicht ermittelbar] : [Verlag nicht ermittelbar], 2001
|w (DE-627)1840059788
|
| 856 |
4 |
0 |
|u https://www.ncjrs.gov/app/publications/abstract.aspx?id=197059
|x Verlag
|z lizenzpflichtig
|3 Volltext
|7 1
|
| 856 |
4 |
0 |
|u https://www.ncjrs.gov/pdffiles1/nij/grants/197059.pdf
|q application/pdf
|x Verlag
|z lizenzpflichtig
|3 Volltext
|7 1
|
| 935 |
|
|
|a mkri
|
| 951 |
|
|
|a AR
|
| ELC |
|
|
|a 1
|
| LOK |
|
|
|0 000 xxxxxcx a22 zn 4500
|
| LOK |
|
|
|0 001 4637509394
|
| LOK |
|
|
|0 003 DE-627
|
| LOK |
|
|
|0 004 1912543893
|
| LOK |
|
|
|0 005 20241217044431
|
| LOK |
|
|
|0 008 241217||||||||||||||||ger|||||||
|
| LOK |
|
|
|0 035
|a (DE-2619)ICPSR140859
|
| LOK |
|
|
|0 040
|a DE-2619
|c DE-627
|d DE-2619
|
| LOK |
|
|
|0 092
|o n
|
| LOK |
|
|
|0 852
|a DE-2619
|
| LOK |
|
|
|0 852 1
|9 00
|
| LOK |
|
|
|0 935
|a uvkn
|a nacp
|
| LOK |
|
|
|0 939
|a 17-12-24
|b l01
|
| ORI |
|
|
|a SA-MARC-krimdoka001.raw
|